| 000 | 00840nam a22002057a 4500 | ||
|---|---|---|---|
| 008 | 230313b |||||||| |||| 00| 0 eng d | ||
| 040 |
_aNational Science Library _cNational Science Library |
||
| 080 |
_aD 026+002.6(71+72) _bK3 |
||
| 245 | _aDirectory of special libraries and information centres | ||
| 250 | _a6th ed. | ||
| 260 |
_aDetroit: _bGale Research Company, _c1963 |
||
| 300 | _aix, 836p. | ||
| 500 | _aVol.1 (Directory of special libraries and information centres and information centres in the united states and Canada) ; ISBN: 0-8103-0258-6 ; xix, 1425p. Vol.2 (Geographic and personnel indexes); ISBN: 0-8103-0259-4 ; v, 776p. | ||
| 650 | _aLibrary science | ||
| 653 | _aSpecial libraries | ||
| 653 | _aInformation | ||
| 700 | 1 | 0 | _aYoung, Margaret L (Ed.) |
| 700 | 1 | 0 | _aYoung, Harold C (Ed.) |
| 942 |
_2udc _cDIR |
||
| 999 |
_c8127 _d8127 |
||